[Event "2nd Cambridge Int Open"]
[Site "Cambridge ENG"]
[Date "2024.02.24"]
[Round "9.7"]
[White "Shafi, Declan"]
[Black "Ghasi, Ameet K"]
[Result "0-1"]
[BlackTitle "IM"]
[WhiteElo "2231"]
[BlackElo "2509"]
[WhiteFideId "2405156"]
[BlackFideId "409200"]
[EventDate "2024.02.19"]

1. d4 Nf6 2. Nf3 g6 3. g3 Bg7 4. Bg2 O-O 5. O-O d5 6. c4 c6 7. cxd5 cxd5 8. Nc3
e6 9. Bf4 Nc6 10. Rc1 Bd7 11. h3 Ne7 12. g4 Qb6 13. Qd2 Bc6 14. Ne5 Nd7 15. Nxc6
Nxc6 16. e3 Qa5 17. Qc2 Rfc8 18. Qb3 Nb6 19. Qb5 a6 20. Qxa5 Nxa5 21. Ne2 Nc6
22. Rfd1 Nc4 23. b3 Nb6 24. Rc3 Bf8 25. Nc1 Nb4 26. Rc7 Rxc7 27. Bxc7 Nd7 28.
Ba5 Rc8 29. Bf1 Rc2 30. Bxb4 Bxb4 31. Bd3 Rb2 32. Kf1 Bd2 33. Be2 Kf8 34. a4
Bxc1 35. Rxc1 Rxb3 36. Ke1 Ke7 37. Kd2 Rb2+ 38. Rc2 Rxc2+ 39. Kxc2 Nb8 40. Kc3
Nc6 41. f4 Kd6 42. Bd3 Kc7 43. f5 exf5 44. gxf5 g5 45. f6 h6 46. Bg6 Nd8 47. Bf5
Kd6 48. Kd3 b6 49. Bc8 Nc6 50. Kc3 a5 51. Bf5 Nb8 52. Bg4 Nd7 53. Bh5 Nxf6 54.
Bxf7 Kc6 55. Bg6 b5 56. Bc2 b4+ 57. Kd3 Kd6 58. Ke2 Ne4 59. Bd3 b3 60. Ke1 b2
61. Kd1 Nf2+ 0-1

[Event "2nd Cambridge Int Open"]
[Site "Cambridge ENG"]
[Date "2024.02.24"]
[Round "9.8"]
[White "Gasanov, Eldar"]
[Black "Abhyuday, Santhosh"]
[Result "1-0"]
[WhiteTitle "GM"]
[WhiteElo "2494"]
[BlackElo "2167"]
[WhiteFideId "14104466"]
[BlackFideId "25624849"]
[EventDate "2024.02.19"]

1. d4 Nf6 2. g3 g6 3. Bg2 Bg7 4. e4 d6 5. Ne2 O-O 6. h3 c5 7. c3 cxd4 8. cxd4
Nc6 9. Nbc3 e5 10. Be3 a6 11. O-O b5 12. Rc1 Bb7 13. d5 Ne7 14. f4 Nd7 15. f5 b4
16. Na4 gxf5 17. exf5 Qa5 18. Rc6 Bxc6 19. dxc6 Nf6 20. Nb6 d5 21. Nxa8 Rxa8 22.
g4 Ne8 23. g5 Nxc6 24. Qxd5 Rc8 25. f6 Bf8 26. Rc1 1-0

[Event "2nd Cambridge Int Open"]
[Site "Cambridge ENG"]
[Date "2024.02.24"]
[Round "9.9"]
[White "Fava, Lorenzo"]
[Black "Royal, Shreyas"]
[Result "1/2-1/2"]
[BlackTitle "IM"]
[WhiteElo "2140"]
[BlackElo "2483"]
[WhiteFideId "2837434"]
[BlackFideId "448869"]
[EventDate "2024.02.19"]

1. e4 c5 2. Nf3 d6 3. d4 cxd4 4. Nxd4 Nf6 5. Nc3 Nc6 6. Bg5 e6 7. Qd2 a6 8.
O-O-O Bd7 9. Kb1 Nxd4 10. Qxd4 Be7 11. f3 Qc7 12. g4 h5 13. gxh5 Nxh5 14. h4 b5
15. Rh2 Nf6 16. f4 Bc6 17. Bh3 Qb7 18. e5 dxe5 19. fxe5 Rd8 20. Qg1 Rxd1+ 21.
Qxd1 Ne4 22. Nxe4 Bxe4 23. Rd2 Bxg5 24. hxg5 Qc7 25. Bg2 Bxg2 26. Rxg2 Qxe5 27.
g6 fxg6 28. Rxg6 Qe2 29. Qc1 O-O 30. Rg1 Rf2 31. Re1 Qc4 32. Qd1 Qd5 33. Qg4 Qf5
34. Qd1 Qd5 35. Qg4 Rh2 36. Rg1 Qe5 37. Qg6 Re2 38. Qe8+ Kh7 39. Qg6+ Kg8 40.
Qe8+ Kh7 41. Qg6+ 1/2-1/2

[Event "2nd Cambridge Int Open"]
[Site "Cambridge ENG"]
[Date "2024.02.24"]
[Round "9.10"]
[White "Hanley, Craig A"]
[Black "Saine, Zachary"]
[Result "1-0"]
[WhiteTitle "IM"]
[WhiteElo "2431"]
[BlackElo "2005"]
[WhiteFideId "408514"]
[BlackFideId "2624346"]
[EventDate "2024.02.19"]

1. d4 d5 2. Nf3 Nf6 3. c4 c6 4. Nc3 e6 5. Bg5 Qb6 6. c5 Qd8 7. b4 h6 8. Bf4 g5
9. Bg3 Nh5 10. Be5 f6 11. Bxb8 Rxb8 12. Qc2 f5 13. g4 Nf4 14. h4 Ng6 15. e3 Qf6
16. Bd3 Bg7 17. hxg5 hxg5 18. Rg1 Nh4 19. Nxh4 Rxh4 20. gxf5 exf5 21. Qa4 a6 22.
Nxd5 Qd8 23. Nb6 Be6 24. O-O-O Kf8 25. Bc4 Bxc4 26. Nxc4 Rh2 27. Qc2 Qd5 28.
Rxg5 1-0

[Event "2nd Cambridge Int Open"]
[Site "Cambridge ENG"]
[Date "2024.02.24"]
[Round "9.11"]
[White "Sowray, Peter J"]
[Black "Wells, Peter K"]
[Result "0-1"]
[WhiteTitle "FM"]
[BlackTitle "GM"]
[WhiteElo "2187"]
[BlackElo "2343"]
[WhiteFideId "400971"]
[BlackFideId "400327"]
[EventDate "2024.02.19"]

1. c4 e6 2. Nf3 d5 3. g3 dxc4 4. Bg2 a6 5. O-O Nf6 6. Qc2 b5 7. Ne5 c6 8. b3 Qc7
9. Bb2 Bd6 10. f4 cxb3 11. axb3 Bb7 12. Nc3 O-O 13. Ne4 Nxe4 14. Bxe4 f5 15. Bg2
c5 16. Bxb7 Qxb7 17. Qc3 Rd8 18. d3 Qe7 19. Rac1 Bxe5 20. Qxe5 Rd5 21. Qe3 Nc6
22. g4 fxg4 23. Qg3 Nd4 24. Bxd4 Rxd4 25. Qxg4 Rf8 26. Qf3 Rdxf4 0-1

[Event "2nd Cambridge Int Open"]
[Site "Cambridge ENG"]
[Date "2024.02.24"]
[Round "9.12"]
[White "Waller, Dan"]
[Black "York-Weaving, Richard"]
[Result "0-1"]
[BlackTitle "FM"]
[WhiteElo "2110"]
[BlackElo "2343"]
[WhiteFideId "451053"]
[BlackFideId "401161"]
[EventDate "2024.02.19"]

1. e4 e5 2. Nc3 Nf6 3. f4 d5 4. fxe5 Nxe4 5. Qf3 Nxc3 6. dxc3 Nc6 7. Bb5 Qh4+ 8.
g3 Qe4+ 9. Qxe4 dxe4 10. Ne2 Bd7 11. Bxc6 Bxc6 12. Rf1 Bc5 13. Nd4 Bd5 14. Nf5
Kf8 15. b3 h5 16. h4 Re8 17. Bf4 Be6 18. Nd4 Bg4 19. Kd2 Rd8 20. Ke3 Bf3 21. Rf2
Ke7 22. Rd2 a5 23. a3 b5 24. b4 Ba7 25. bxa5 Rd5 26. e6 fxe6 27. c4 bxc4 28.
Bxc7 c3 29. Rdd1 e5 30. Bb6 Bxb6 31. axb6 Bxd1 0-1

[Event "2nd Cambridge Int Open"]
[Site "Cambridge ENG"]
[Date "2024.02.24"]
[Round "9.13"]
[White "Nawalaniec, Adam"]
[Black "Golubovic, Boris"]
[Result "1/2-1/2"]
[BlackTitle "IM"]
[WhiteElo "1896"]
[BlackElo "2342"]
[WhiteFideId "21023786"]
[BlackFideId "14502160"]
[EventDate "2024.02.19"]

1. e4 c5 2. Nf3 d6 3. c4 Bg4 4. Be2 Bxf3 5. Bxf3 Nc6 6. e5 dxe5 7. Bxc6+ bxc6 8.
O-O Nf6 9. Re1 Qc7 10. Qe2 Nd7 11. b3 e6 12. Bb2 Bd6 13. Nc3 O-O 14. Ne4 Be7 15.
Ng3 Bh4 16. Qe4 Be7 17. Rad1 Bd6 18. Qe3 f5 19. Qc3 Rf7 20. d3 Nf8 21. Re2 Ng6
22. Rde1 Rd8 23. Qc2 Qe7 24. Nf1 Bc7 25. Re3 Qf8 26. Nd2 Rfd7 27. Nf3 f4 28.
R3e2 Rxd3 29. Bxe5 Bxe5 30. Nxe5 Nxe5 31. Rxe5 f3 32. Rxe6 fxg2 33. Re8 1/2-1/2

[Event "2nd Cambridge Int Open"]
[Site "Cambridge ENG"]
[Date "2024.02.24"]
[Round "9.14"]
[White "Ward, Ieuan C"]
[Black "Vardanyan, Aras"]
[Result "0-1"]
[BlackTitle "FM"]
[WhiteElo "2028"]
[BlackElo "2299"]
[WhiteFideId "406627"]
[BlackFideId "12808792"]
[EventDate "2024.02.19"]

1. e4 c5 2. c3 e5 3. Nf3 Nc6 4. d4 cxd4 5. cxd4 exd4 6. Nxd4 Nf6 7. Nc3 Bb4 8.
Nxc6 bxc6 9. Bd3 O-O 10. O-O Re8 11. Qc2 d5 12. Bg5 Bxc3 13. bxc3 h6 14. Bxf6
Qxf6 15. Rfe1 Be6 16. Rab1 Rab8 17. e5 Qe7 18. Rxb8 Rxb8 19. Rb1 Rd8 20. f4 Qc5+
21. Kh1 Qe3 22. Rf1 d4 23. c4 c5 24. Rf3 Qe1+ 25. Rf1 Qc3 26. Qe2 Bg4 27. Qxg4
Qxd3 28. Rd1 Qe4 29. Qh4 Rb8 30. h3 Kh7 31. Kh2 g5 32. Qh5 Qxf4+ 33. Kg1 Qf5 34.
Rf1 Rb1 35. Rxb1 Qxb1+ 36. Kh2 Qf5 37. Qe2 d3 38. Qe1 Qf4+ 39. g3 Qxc4 40. e6
Qc2+ 41. Kg1 d2 0-1

[Event "2nd Cambridge Int Open"]
[Site "Cambridge ENG"]
[Date "2024.02.24"]
[Round "9.15"]
[White "Jermy, Jaden"]
[Black "Dishman, Stephen"]
[Result "1/2-1/2"]
[BlackTitle "FM"]
[WhiteElo "1968"]
[BlackElo "2273"]
[WhiteFideId "459496"]
[BlackFideId "403024"]
[EventDate "2024.02.19"]

1. d4 d5 2. c4 e6 3. Nf3 a6 4. Qc2 dxc4 5. Qxc4 b5 6. Qc2 Bb7 7. Bg5 Be7 8. Bxe7
Nxe7 9. Nbd2 Nd7 10. e3 Rc8 11. b4 e5 12. dxe5 Ng6 13. e6 fxe6 14. Rd1 O-O 15.
Bd3 c5 16. Bxg6 hxg6 17. Qxg6 Rf6 18. Qg4 c4 19. Ne4 Bxe4 20. Qxe4 Qe7 21. O-O
Nf8 22. a3 a5 23. Rb1 axb4 24. Rxb4 Qa7 25. Rxb5 Qxa3 26. Qc2 Rf7 27. Ne5 Rfc7
28. Rc1 Nd7 29. Nxd7 Rxd7 30. h3 Rd3 31. Qb2 Qd6 32. Qe5 Rd1+ 33. Rxd1 Qxd1+ 34.
Kh2 Qd7 35. Rb6 c3 36. Rd6 Qf7 37. Rd1 c2 38. Rc1 Rc6 39. Qb8+ Kh7 40. Qf4 Qg6
41. f3 Qd3 42. Qh4+ Kg8 43. Qd4 Qe2 44. Qd8+ Kh7 45. Qd4 Rc4 46. Qb6 Qd2 47.
Qxe6 Qxc1 48. Qf5+ Kg8 49. Qd5+ Kf8 50. Qd8+ Kf7 51. Qd7+ Kf8 52. Qd8+ Kf7 53.
Qd7+ Kf8 1/2-1/2

[Event "2nd Cambridge Int Open"]
[Site "Cambridge ENG"]
[Date "2024.02.24"]
[Round "9.16"]
[White "McClement, Andrew"]
[Black "Hanache, Kai"]
[Result "1-0"]
[WhiteElo "2221"]
[BlackElo "1926"]
[WhiteFideId "2400480"]
[BlackFideId "490105"]
[EventDate "2024.02.19"]

1. e4 c5 2. Nf3 e6 3. d4 cxd4 4. Nxd4 Nc6 5. Nc3 a6 6. Nxc6 bxc6 7. Bd3 d5 8.
O-O Bc5 9. Qg4 dxe4 10. Bxe4 Bb7 11. Qxg7 Bd4 12. Qg3 Qf6 13. Qc7 Ra7 14. Bxc6+
Bxc6 15. Qxc6+ Kf8 16. Ne4 Ne7 17. Qa4 Qg6 18. Qxd4 Rg8 19. Bh6+ Qxh6 20. Qxa7
Qg6 21. Qb8+ 1-0

[Event "2nd Cambridge Int Open"]
[Site "Cambridge ENG"]
[Date "2024.02.24"]
[Round "9.17"]
[White "Dierssen Garcia-Barredo, Guiller"]
[Black "Karamsetty, Jeevan"]
[Result "1/2-1/2"]
[BlackTitle "FM"]
[WhiteElo "1937"]
[BlackElo "2188"]
[WhiteFideId "22298274"]
[BlackFideId "2025337"]
[EventDate "2024.02.19"]

1. e4 d6 2. d4 g6 3. Nf3 Nf6 4. Nc3 Bg7 5. h3 O-O 6. Be3 a6 7. a4 b6 8. e5 Nfd7
9. e6 fxe6 10. Bc4 Nf6 11. d5 c6 12. Ng5 h6 13. Nxe6 Bxe6 14. dxe6 d5 15. Be2
Qd6 16. Qd3 Kh7 17. h4 Qxe6 18. h5 Qf5 19. hxg6+ Qxg6 20. Qd2 e5 21. O-O-O b5
22. f3 b4 23. Bd3 e4 24. Nxe4 dxe4 25. fxe4 Rd8 26. e5 Rxd3 27. cxd3 Ng4 28.
Rhe1 Nxe5 29. d4 Ng4 30. Qxb4 Nd7 31. Qb7 Re8 32. Bf4 Rxe1 33. Rxe1 Nf2 34. Qxd7
Nd3+ 35. Kd2 Nxf4 36. Qe8 Qxg2+ 37. Kc3 Qf3+ 38. Kc2 Qf2+ 39. Kb1 Ng6 40. Qe4
Bxd4 41. Re2 Qf1+ 42. Ka2 Be5 43. Rc2 h5 44. Rxc6 Qf7+ 45. Kb1 h4 46. Ka1 h3 47.
Rxg6 Bxb2+ 48. Kxb2 Qxg6 49. Qh4+ Qh6 50. Qe4+ Kh8 51. Qe8+ Kh7 52. Qe4+ Kg7 53.
Qe7+ Kg6 54. Qe6+ Kh7 55. Qe4+ Kg7 56. Qe7+ Kg6 57. Qe6+ Kg5 58. Qe3+ Kg6 59.
Qe6+ Kh7 60. Qe4+ Kg8 61. Qe8+ Kh7 62. Qe4+ Qg6 63. Qh4+ Qh6 64. Qe4+ Qg6 65.
Qh4+ Qh6 1/2-1/2

[Event "2nd Cambridge Int Open"]
[Site "Cambridge ENG"]
[Date "2024.02.24"]
[Round "9.18"]
[White "Denderski, Piotr"]
[Black "Golubovic, Erik"]
[Result "0-1"]
[BlackTitle "CM"]
[WhiteElo "2155"]
[BlackElo "2025"]
[WhiteFideId "1120018"]
[BlackFideId "14586908"]
[EventDate "2024.02.19"]

1. d4 Nf6 2. c4 c5 3. d5 b5 4. cxb5 a6 5. bxa6 Bxa6 6. Nc3 d6 7. e4 Bxf1 8. Kxf1
g6 9. g3 Bg7 10. Kg2 O-O 11. f4 Nbd7 12. Nf3 Qb6 13. Qe2 e6 14. dxe6 fxe6 15.
Qc4 Kh8 16. e5 dxe5 17. fxe5 Nd5 18. Nxd5 exd5 19. Qxd5 Rad8 20. Bg5 Nxe5 21.
Bxd8 Rxd8 22. Qb3 Qc6 23. Rad1 Rf8 24. Rhf1 c4 25. Qa3 Nxf3 26. Rxf3 c3 27.
Qxf8+ Bxf8 28. bxc3 Bc5 29. Rd3 Qa8 30. a3 Qxa3 31. Rd8+ Kg7 32. Rd7+ Kh6 33.
Rfd3 Qa2+ 34. Rd2 Qb1 35. R7d3 Qg1+ 36. Kf3 Qf1+ 0-1

[Event "2nd Cambridge Int Open"]
[Site "Cambridge ENG"]
[Date "2024.02.24"]
[Round "9.19"]
[White "McLean, Robert"]
[Black "Banerjee, Supratit"]
[Result "1-0"]
[BlackTitle "CM"]
[WhiteElo "1882"]
[BlackElo "2137"]
[WhiteFideId "434922"]
[BlackFideId "2410079"]
[EventDate "2024.02.19"]

1. e4 e6 2. d4 d5 3. Nc3 dxe4 4. Nxe4 Nd7 5. Nf3 Ngf6 6. Nxf6+ Nxf6 7. Bd3 c5 8.
Be3 Qc7 9. Qe2 Bd7 10. O-O-O O-O-O 11. Kb1 Nd5 12. Ne5 Be8 13. c3 Bd6 14. Nc4
Bf4 15. g3 Bxe3 16. fxe3 b5 17. Ne5 c4 18. Be4 f6 19. Nf3 Bc6 20. Nd2 Qb7 21.
Bxd5 exd5 22. Rhe1 Rhe8 23. Qg4+ Qd7 24. Qf4 Qe6 25. Re2 Bd7 26. e4 g5 27. Qf2
dxe4 28. Nxe4 Qf5 29. d5 Qxf2 30. Nd6+ Kb8 31. Rxf2 Rf8 32. Ne4 Bg4 33. Rd4 Bh5
34. Nxf6 Bg6+ 35. Kc1 Kc8 36. d6 Bd3 37. Kd2 Rd7 38. Ne4 Rfd8 39. Nxg5 Rxd6 40.
Rxd6 Rxd6 41. Ke3 h6 42. Nh3 Re6+ 43. Kd4 Re4+ 44. Kd5 Re8 45. Nf4 Be4+ 46. Kc5
Bb1 47. a3 Re5+ 48. Kd6 Rf5 49. Re2 Rf8 50. Kc6 a6 51. Nd5 Bd3 52. Re7 Bg6 53.
Rc7+ Kd8 54. Rd7+ Kc8 55. Nb6+ Kb8 56. Rb7# 1-0

[Event "2nd Cambridge Int Open"]
[Site "Cambridge ENG"]
[Date "2024.02.24"]
[Round "9.20"]
[White "Southcott-Moyers, Indy"]
[Black "Mocic, Ivano"]
[Result "1-0"]
[WhiteElo "2100"]
[BlackElo "2008"]
[WhiteFideId "488542"]
[BlackFideId "14587521"]
[EventDate "2024.02.19"]

1. d4 Nf6 2. Nf3 d5 3. c4 e6 4. Nc3 dxc4 5. e4 b5 6. e5 Nd5 7. Nxb5 Nb6 8. Be2
Be7 9. O-O Bb7 10. Be3 Nc6 11. Nc3 O-O 12. Rc1 Nb4 13. Nd2 Ba6 14. b3 Nd3 15.
Rb1 cxb3 16. Nxb3 Nb4 17. Bxa6 Nxa6 18. Qg4 Kh8 19. Qe2 Nb4 20. Rfc1 N4d5 21.
Nxd5 Nxd5 22. Na5 Ba3 23. Nc6 Qd7 24. Rc2 a5 25. Qd3 Be7 26. a3 Qc8 27. Bd2 Qa6
28. Qxa6 Rxa6 29. Nxe7 Nxe7 30. Rxc7 Nd5 31. Rxf7 Rg8 32. Rbb7 Rc6 33. h3 h5 34.
Bxa5 Rc1+ 35. Kh2 Rd1 36. Bb6 h4 37. Bc5 Kh7 38. Bf8 Rxd4 39. Rxg7+ Rxg7 40.
Rxg7+ Kh8 41. Rg4 Rd2 42. Rxh4+ Kg8 43. Bc5 1-0

[Event "2nd Cambridge Int Open"]
[Site "Cambridge ENG"]
[Date "2024.02.24"]
[Round "9.23"]
[White "Bradbury, Neil H"]
[Black "Pereslavtsev, Alexandr"]
[Result "1-0"]
[WhiteTitle "IM"]
[WhiteElo "2234"]
[BlackElo "1696"]
[WhiteFideId "400513"]
[BlackFideId "343401449"]
[EventDate "2024.02.19"]

1. d4 Nf6 2. c4 c5 3. d5 b5 4. cxb5 a6 5. bxa6 g6 6. Nc3 Bg7 7. e4 d6 8. Nf3 O-O
9. Be2 Bxa6 10. O-O Bxe2 11. Qxe2 Qa5 12. a4 Na6 13. Nd2 Nb4 14. Nc4 Qa6 15. Nb5
Rfc8 16. Ra3 Ne8 17. b3 Nc7 18. Nxc7 Rxc7 19. Bb2 e6 20. Bxg7 Kxg7 21. Raa1 Kg8
22. Rad1 Rd7 23. dxe6 fxe6 24. Qg4 Re8 25. h4 d5 26. Ne5 Rg7 27. Qg5 Rf8 28. Ng4
Qe2 29. Nf6+ Kh8 30. exd5 exd5 31. Nxd5 Rxf2 32. Nxb4 Rgf7 33. Rfe1 cxb4 34.
Rxe2 Rxe2 35. Qd8+ Kg7 36. Qd4+ Kh6 37. Rd2 1-0

[Event "2nd Cambridge Int Open"]
[Site "Cambridge ENG"]
[Date "2024.02.24"]
[Round "9.24"]
[White "Kovalskyi, Roman"]
[Black "Hebden, Mark L"]
[Result "0-1"]
[BlackTitle "GM"]
[WhiteElo "2004"]
[BlackElo "2416"]
[WhiteFideId "14184214"]
[BlackFideId "400084"]
[EventDate "2024.02.19"]

1. Nc3 Nf6 2. e4 e5 3. d4 exd4 4. Qxd4 Nc6 5. Qc4 Be7 6. Bf4 d6 7. O-O-O Be6 8.
Qe2 O-O 9. f3 a6 10. Kb1 b5 11. g4 Nd7 12. h4 Nb6 13. Qd2 Ne5 14. g5 c6 15. Qf2
Nec4 16. Bc1 d5 17. Nge2 b4 18. b3 bxc3 19. bxc4 Nxc4 20. Nxc3 Rb8+ 21. Ka1 Qa5
22. Qd4 Bc5 23. Qd3 Ne5 24. Qd2 Nxf3 25. Qd3 dxe4 26. Nxe4 Qxa2# 0-1

[Event "2nd Cambridge Int Open"]
[Site "Cambridge ENG"]
[Date "2024.02.24"]
[Round "9.25"]
[White "Iyengar, Ilya"]
[Black "Pozzari, Simone"]
[Result "0-1"]
[WhiteElo "1972"]
[BlackElo "2290"]
[WhiteFideId "405949"]
[BlackFideId "2831282"]
[EventDate "2024.02.19"]

1. d4 d5 2. Nf3 Nf6 3. c4 e6 4. cxd5 exd5 5. Nc3 c6 6. Bg5 h6 7. Bxf6 Qxf6 8.
Qc2 Bf5 9. Qb3 Qe7 10. e3 g6 11. Be2 Bg7 12. O-O O-O 13. Na4 b6 14. Rac1 h5 15.
Rfd1 Re8 16. Ne1 h4 17. h3 Qd6 18. Qc3 g5 19. b4 Qe6 20. Bd3 g4 21. Bxf5 Qxf5
22. Qc2 Qg5 23. hxg4 Qxg4 24. Rd3 Bf8 25. Rb3 Bd6 26. b5 cxb5 27. Rxb5 Na6 28.
Rxd5 Nb4 29. Qf5 Qxf5 30. Rxf5 Rac8 31. Ra1 Nc2 32. Nxc2 Rxc2 33. Rg5+ Kf8 34.
Rb5 Rec8 35. Kf1 Ba3 36. Rb3 Bc1 37. a3 R8c6 38. d5 Rf6 39. f3 h3 40. gxh3 Rxf3+
41. Ke1 Rxh3 42. Kd1 Rg2 0-1

[Event "2nd Cambridge Int Open"]
[Site "Cambridge ENG"]
[Date "2024.02.24"]
[Round "9.26"]
[White "Cole, James"]
[Black "Gluma, Christian"]
[Result "0-1"]
[WhiteElo "1940"]
[BlackElo "2219"]
[WhiteFideId "431818"]
[BlackFideId "16223209"]
[EventDate "2024.02.19"]

1. d4 g6 2. c4 Bg7 3. g3 d6 4. Nf3 Nd7 5. Nc3 Ngf6 6. Bg2 O-O 7. O-O e5 8. e4
exd4 9. Nxd4 Ne5 10. b3 Bg4 11. f3 Bd7 12. h3 Nc6 13. Nde2 Ne8 14. Be3 f5 15.
exf5 Bxf5 16. f4 Nf6 17. Qd2 h5 18. Nd4 Qd7 19. Nxf5 Qxf5 20. Rae1 Rae8 21. Nb5
Qd7 22. Qd3 Ne7 23. Rd1 Nf5 24. Bf2 Rf7 25. Nd4 Rfe7 26. Nxf5 gxf5 27. c5 Ne4
28. Qd5+ Qe6 29. Bxe4 fxe4 30. cxd6 cxd6 31. Be3 Rc8 32. Rf2 Rc3 33. Re2 Qxd5
34. Rxd5 Rd3 35. Rxh5 d5 36. Bxa7 Rxg3+ 37. Kf2 Rf3+ 38. Kg2 Rd3 39. Bb8 Kf7 40.
Rf5+ Ke6 41. Rg5 Bf6 42. f5+ Kf7 43. Rg4 Re8 44. Ba7 Rc8 45. Rg3 Rxg3+ 46. Kxg3
Be5+ 47. Kf2 Kf6 48. Rd2 Rd8 49. Ke3 Kxf5 50. Rf2+ Ke6 51. Bd4 Rh8 52. Bc5 Rxh3+
53. Ke2 Rc3 0-1

[Event "2nd Cambridge Int Open"]
[Site "Cambridge ENG"]
[Date "2024.02.24"]
[Round "9.27"]
[White "Martyn, Rafe"]
[Black "Underwood, Jon"]
[Result "1/2-1/2"]
[WhiteTitle "FM"]
[WhiteElo "2206"]
[BlackElo "1993"]
[WhiteFideId "409626"]
[BlackFideId "425877"]
[EventDate "2024.02.19"]

1. e4 c5 2. Nf3 Nc6 3. d4 cxd4 4. Nxd4 Nf6 5. Nc3 e5 6. Ndb5 d6 7. Bg5 a6 8. Na3
b5 9. Nd5 Be7 10. Bxf6 Bxf6 11. c4 b4 12. Nc2 O-O 13. g3 Bg5 14. Bg2 Rb8 15. O-O
a5 16. b3 1/2-1/2

[Event "2nd Cambridge Int Open"]
[Site "Cambridge ENG"]
[Date "2024.02.24"]
[Round "9.28"]
[White "Mihalik, Agoston"]
[Black "Asgarova, Turan"]
[Result "1/2-1/2"]
[WhiteElo "2146"]
[BlackElo "1988"]
[WhiteFideId "719021"]
[BlackFideId "13403451"]
[EventDate "2024.02.19"]

1. e4 c5 2. Nf3 e6 3. g3 Nc6 4. Bg2 Nf6 5. Qe2 e5 6. O-O Be7 7. d3 d6 8. a4 O-O
9. Na3 h6 10. Nc4 Be6 11. Bd2 Qd7 12. c3 Rab8 13. a5 b5 14. axb6 axb6 15. Ne3
Na5 16. c4 Nb3 17. Ra3 Nxd2 18. Nxd2 b5 19. b3 bxc4 20. bxc4 Rb4 21. Rfa1 Rfb8
22. R3a2 Bf8 23. Nd5 Nxd5 24. cxd5 Bh3 25. Ra7 R8b7 26. Rxb7 Rxb7 27. Qf1 Bxg2
28. Kxg2 Be7 29. Nc4 f5 30. Ra8+ Kh7 31. Qe2 Rb4 32. h4 Qb7 33. Ra2 fxe4 34.
dxe4 Qb5 35. Qg4 Ra4 36. Rxa4 Qxa4 37. Ne3 Bf6 38. Kf3 Qa1 39. Qf5+ Kh8 40. Kg4
Qa8 41. Qe6 Qb8 42. f3 Qb3 43. Nf5 h5+ 44. Kh3 Qxf3 45. Kh2 Qf2+ 1/2-1/2

[Event "2nd Cambridge Int Open"]
[Site "Cambridge ENG"]
[Date "2024.02.24"]
[Round "9.29"]
[White "Yu, Rock"]
[Black "Martin, Lewis"]
[Result "1-0"]
[BlackTitle "FM"]
[WhiteElo "1817"]
[BlackElo "2144"]
[WhiteFideId "489000"]
[BlackFideId "410551"]
[EventDate "2024.02.19"]

1. c4 c6 2. Qa4 Nf6 3. Nc3 e6 4. e4 d5 5. cxd5 exd5 6. e5 Nfd7 7. d4 Nb6 8. Qd1
Bf5 9. Nge2 h5 10. h4 Be7 11. Nf4 g6 12. Bd3 Qd7 13. Qe2 Bxd3 14. Qxd3 Na6 15.
e6 Qd6 16. exf7+ Kxf7 17. Be3 Rag8 18. O-O-O Ke8 19. Rh3 Nd7 20. Re1 Kd8 21. Bd2
Nc7 22. g3 Bf8 23. Rhh1 Rh7 24. Nh3 Kc8 25. Bf4 Qf6 26. Ng5 Re7 27. Kb1 Rxe1+
28. Rxe1 Bd6 29. Nge4 dxe4 30. Nxe4 Qg7 31. Nxd6+ 1-0

[Event "2nd Cambridge Int Open"]
[Site "Cambridge ENG"]
[Date "2024.02.24"]
[Round "9.30"]
[White "Sivanandan, Bodhana"]
[Black "Crocker, Philip J"]
[Result "1/2-1/2"]
[WhiteTitle "WCM"]
[WhiteElo "1898"]
[BlackElo "2137"]
[WhiteFideId "497592"]
[BlackFideId "403180"]
[EventDate "2024.02.19"]

1. e4 e5 2. Nf3 Nc6 3. Nc3 Nf6 4. d4 exd4 5. Nxd4 Bb4 6. Nxc6 bxc6 7. Bd3 O-O 8.
O-O Re8 9. Bg5 h6 10. Bh4 d5 11. exd5 g5 12. Bg3 cxd5 13. h3 Bxc3 14. bxc3 Ne4
15. Bxe4 Rxe4 16. f4 Kg7 17. Qd2 c6 18. Bf2 f5 19. Bd4+ Kg6 20. Rf3 g4 21. Rf2
h5 22. hxg4 hxg4 23. g3 Ba6 24. Re1 Qe7 25. Be5 Rd8 26. Rh2 Qc5+ 27. Bd4 Qe7 28.
Be5 Qc5+ 29. Bd4 Qe7 30. Be5 1/2-1/2

[Event "2nd Cambridge Int Open"]
[Site "Cambridge ENG"]
[Date "2024.02.24"]
[Round "9.31"]
[White "Brett, Andrew R"]
[Black "Zhang, Junyi"]
[Result "1/2-1/2"]
[WhiteElo "2085"]
[BlackElo "1763"]
[WhiteFideId "416460"]
[BlackFideId "494437"]
[EventDate "2024.02.19"]

1. d4 Nf6 2. c4 e6 3. Nc3 Bb4 4. e3 O-O 5. Bd2 d5 6. Nf3 b6 7. cxd5 exd5 8. Bd3
Bd6 9. Nb5 Be7 10. Rc1 c6 11. Nc3 c5 12. Ne5 Bb7 13. f4 Nc6 14. Ne2 Ne4 15. O-O
Rc8 16. Be1 f6 17. Nf3 f5 18. Ne5 c4 19. Bb1 b5 20. Rf3 g6 21. Ng3 a6 22. Kh1 1/2-1/2

[Event "2nd Cambridge Int Open"]
[Site "Cambridge ENG"]
[Date "2024.02.24"]
[Round "9.32"]
[White "Pert, Max"]
[Black "Woods, Yannick"]
[Result "1-0"]
[WhiteElo "2082"]
[BlackElo "1817"]
[WhiteFideId "456845"]
[BlackFideId "2518384"]
[EventDate "2024.02.19"]

1. d4 Nf6 2. Bg5 Ne4 3. Bf4 c5 4. f3 Qa5+ 5. c3 Nf6 6. d5 d6 7. e4 Bd7 8. Nd2 b5
9. Bd3 g6 10. Ne2 Bg7 11. O-O h5 12. h4 Qb6 13. Kh1 a5 14. a4 b4 15. Nc4 Qa7 16.
cxb4 axb4 17. b3 Bc8 18. Ra2 Nfd7 19. Qd2 Nb6 20. Qe3 Nxc4 21. Bxc4 Ba6 22. Rc2
Nd7 23. Qd3 Be5 24. Bg5 Bf6 25. Bxf6 Nxf6 26. Nf4 Nd7 27. Bxa6 Qxa6 28. Qxa6
Rxa6 29. Nd3 O-O 30. Re1 Nb6 31. Nb2 f6 32. Nc4 Nxc4 33. Rxc4 Kg7 34. f4 g5 35.
g3 g4 36. Kg2 Kg6 37. Re3 Rf7 38. e5 fxe5 39. fxe5 Rf3 40. Rxf3 gxf3+ 41. Kxf3
Kf5 42. exd6 exd6 43. Re4 Ra7 44. Re6 Ra6 45. Ke3 c4 46. bxc4 b3 47. Kd3 b2 48.
Kc2 Rxa4 49. Kxb2 Rxc4 50. Rxd6 Ke5 51. Rh6 Kxd5 52. Rxh5+ Ke6 53. Rg5 Kf6 54.
g4 Rc8 55. Rf5+ 1-0